Tajpej - quiz wielokrotnego wyboru - Statystyki

Ogólne statystyki
  • Ten quiz został rozwiązany 403 razy
    397 od ostatniego zresetowania
  • Średni wynik to 5 z 10
Statystyki odpowiedzi
Zagadnienie Odpowiedź % Poprawnych
Który wieżowiec w Tajpej był najwyższym budynkiem na świecie w latach 2004–2009? Taipei 101
80%
Jakie państwo okupowało Tajpej w pierwszej połowie XX wieku? Japonia
74%
Kto zmarł w Tajpej w 1975 r. i na jego grobie znajduje się wielka sala pamięci? Czang Kaj-szek
71%
Najsłynniejszym dziełem sztuki w National Palace Museum jest kawałek kapusty z owadem. Z czego jest zrobiony? Jadeit
57%
Jaki język jest najczęściej używany w Tajpej? Mandaryński
56%
Gdzie na Tajwanie znajduje się Tajpej?
53%
Nad jakim morzem leży Tajpej? Morze Wschodniochińskie
45%
Które danie wywodzi się od szefa kuchni z Tajpej o nazwisku Peng Chang-kuei? Kurczak Generała Tso
40%
Które z tych dań NIE jest uważane za typowe dla Tajpej (lub szerzej Tajwanu)? Jeżowiec
30%
Która firma z siedzibą w pobliskim mieście Hsinchu ma wycenę rynkową wynoszącą prawie 1 bilion dolarów? TSMC
30%
Nie znaleziono quizów pasujących do podanych kryteriów
Rozkład punktacji
Procent ludzi z każdym wynikiem
Percentyl według liczby udzielonych odpowiedzi
Twoja historia wyników
Nie rozwiązałeś tego quizu od ostatniego zresetowania